书目信息 |
| 题名: |
固体表面化学
|
|
| 作者: | S.J.格雷格 著 ;胡为柏 译 | |
| 分册: | ||
| 出版信息: | 上海 上海科学技术出版社 1966 |
|
| 页数: | 348页 | |
| 开本: | 19厘米 | |
| 丛书名: | 近代化学丛书 | |
| 单 册: | ||
| 中图分类: | O647.11 , O647 | |
| 科图分类: | ||
| 主题词: | 固体表面-表面化学 , 表面化学-固体表面 | |
| 电子资源: | ||
| ISBN: | ||
| 000 | 00918nam2 2200301 45 | |
| 001 | 0188001998 | |
| 005 | 20061120152347.26 | |
| 010 | @dCNY1.70 | |
| 020 | @aCN@b88001998 | |
| 100 | @a19910410d1966 k y0chiy0120 ea | |
| 101 | 0 | @achi |
| 102 | @aCN@b310000 | |
| 105 | @ay z 000yy | |
| 200 | 10 | @a固体表面化学@Agu ti biao mian hua xue@f(英)S.J.格雷格著@F(ying)S.J.ge lei ge zhu@g胡为柏译@Ghu wei bai yi |
| 210 | @a上海@c上海科学技术出版社@d1966 | |
| 215 | @a348页@d19厘米 | |
| 225 | 2 | @a近代化学丛书@f唐敖庆主编 |
| 330 | @a本书主要介绍固体表面化学的基本原理。 | |
| 410 | 0 | @120010@a近代化学丛书 |
| 540 | 1 | @a固体表面化学@Agu ti biao mian hua xue |
| 606 | @a固体表面-表面化学 | |
| 606 | @a表面化学-固体表面 | |
| 690 | @aO647.11@v1980 | |
| 690 | @aO647@v3 | |
| 701 | 0 | @aS.J.格雷格@AS.J.ge lei ge@4著 |
| 702 | 0 | @a胡为柏@Ahu wei bai@4译 |
| 801 | 0 | @aCN@bTSSF@c20061120 |
| 905 | @a10447@dO647@e1 | |
| 固体表面化学/(英)S.J.格雷格著/胡为柏译.-上海:上海科学技术出版社,1966 |
| 348页;19厘米.-(近代化学丛书/唐敖庆主编) |
| ISBN :CNY1.70 |
| 本书主要介绍固体表面化学的基本原理。 |
| ● |
| 相关链接 |
|
|
|
|
正题名:固体表面化学
索取号:O647/1
 
预约/预借
| 序号 | 登录号 | 条形码 | 馆藏地/架位号 | 状态 | 备注 |
| 1 | 0013554 | 000343541 | 第二样本阅览室/ [索取号:O647/1] | 在馆 |